000 00262nam a2200109Ia 4500
008 200302s9999 xx 000 0 und d
100 _aChristiana Lissman
245 _aStephen Williams Architects
260 _bDaab Gmbh, New York
260 _c2007
300 _a176
999 _c4477
_d4477